Idiomas por mapas - Estadísticas

Estadísticas generales
  • Esta prueba ha sido intentada 752 veces
  • La puntuación promedio es 18 de 25
Estadísticas de respuestas
Imagen Respuesta % Correcto
Inglés
100%
Español/Castellano
99%
Italiano
99%
Chino Mandarín
98%
Árabe
97%
Francés
91%
Portugués
90%
Ruso
90%
Sueco
88%
Japonés
86%
Turco
86%
Griego
83%
Vietnamita
80%
Gallego
77%
Hindi
77%
Quechua Sureño
63%
Persa
62%
Guaraní
61%
Malayo
61%
Criollo Haitiano
59%
Groenlandés
48%
Maorí
48%
Suajili
43%
Urdu
42%
Papiamento
12%
No se encontraron pruebas coincidentes
Distribución de puntuación
Porcentaje de gente con cada puntuación
Porcentaje por número respondido
Historial de tus puntuaciones
No has intentado esta prueba.